Les villes les plus peuplées de la Somme - Statistiques

Statistiques générales
  • Ce quiz a été pris 219 fois
    172 depuis la dernière actualisation
  • Le résultat moyen est 8 sur 15
Statistiques - réponses
Population Commune % Correct
134 780 Amiens
100%
22 406 Abbeville
93%
9 658 Albert
80%
7 139 Péronne
76%
5 814 Doullens
63%
5 978 Montdidier
61%
5 726 Longueau
56%
5 748 Roye
56%
6 080 Corbie
55%
4 408 Ham
39%
4 188 Salouël
38%
4 387 Camon
36%
3 968 Moreuil
36%
4 644 Villers-Bretonneux
29%
4 394 Friville-Escarbotin
19%
Aucun quiz correspondant
Distribution des résultats
% des personnes avec chaque résultat
Percentile par nombre de réponses
Votre historique - résultats
Vous n’avez pas pris ce quiz depuis la dernière actualisation